000 00411pab a2200169 454500
008 180718b2008 xxu||||| |||| 00| 0 eng d
100 _aSingh, Chandra B.P.
245 _aTransformational change in Indian universities
260 _c2008
300 _ap.4-9.
362 _a18 Aug
650 _aUniversities - India
650 _aUniversities
773 _aUniversity News
908 _aN
909 _a79212
999 _c79212
_d79212